<?xml version="1.0" encoding="UTF-8"?>
<collection xmlns="http://www.loc.gov/MARC21/slim">
 <record>
  <leader>02527pam a22005177a 4500</leader>
  <controlfield tag="001">AALProQuestebook000020</controlfield>
  <controlfield tag="003">BD-DhAAL</controlfield>
  <controlfield tag="005">20230907105450.0</controlfield>
  <controlfield tag="006">m||||||||d||||||||</controlfield>
  <controlfield tag="007">cr||||||||||||</controlfield>
  <controlfield tag="008">210102s2012    cou     ob    001 0 eng  </controlfield>
  <datafield tag="010" ind1=" " ind2=" ">
   <subfield code="a">  2011034702</subfield>
  </datafield>
  <datafield tag="020" ind1=" " ind2=" ">
   <subfield code="a">9781588268310</subfield>
  </datafield>
  <datafield tag="020" ind1=" " ind2=" ">
   <subfield code="a">1588268314</subfield>
  </datafield>
  <datafield tag="035" ind1=" " ind2=" ">
   <subfield code="a">(OCoLC)ocn743395612</subfield>
  </datafield>
  <datafield tag="035" ind1=" " ind2=" ">
   <subfield code="a">(MiAaPQ)EBC3328966</subfield>
  </datafield>
  <datafield tag="035" ind1=" " ind2=" ">
   <subfield code="a">(Au-PeEL)EBL3328966</subfield>
  </datafield>
  <datafield tag="035" ind1=" " ind2=" ">
   <subfield code="a">(CaPaEBR)ebr10913583</subfield>
  </datafield>
  <datafield tag="035" ind1=" " ind2=" ">
   <subfield code="a">(OCoLC)836871944</subfield>
  </datafield>
  <datafield tag="040" ind1=" " ind2=" ">
   <subfield code="a">MiAaPQ</subfield>
   <subfield code="b">eng</subfield>
   <subfield code="c">rda</subfield>
   <subfield code="d">MiAaPQ</subfield>
   <subfield code="d">MiAaPQ</subfield>
   <subfield code="d">BD-DhAAL</subfield>
  </datafield>
  <datafield tag="042" ind1=" " ind2=" ">
   <subfield code="a">pcc</subfield>
  </datafield>
  <datafield tag="050" ind1="0" ind2="0">
   <subfield code="a">HV553</subfield>
   <subfield code="b">.E537 2012</subfield>
  </datafield>
  <datafield tag="082" ind1="0" ind2="0">
   <subfield code="a">363.34082</subfield>
   <subfield code="2">23</subfield>
  </datafield>
  <datafield tag="100" ind1="1" ind2=" ">
   <subfield code="a">Enarson, Elaine Pitt,</subfield>
   <subfield code="d">1949-</subfield>
   <subfield code="e">author.</subfield>
   <subfield code="9">43876</subfield>
  </datafield>
  <datafield tag="245" ind1="1" ind2="0">
   <subfield code="a">Women confronting natural disaster</subfield>
   <subfield code="h">[electronic resource] :</subfield>
   <subfield code="b">from vulnerability to resilience /</subfield>
   <subfield code="c">Elaine Enarson.</subfield>
  </datafield>
  <datafield tag="260" ind1=" " ind2=" ">
   <subfield code="a">Boulder, Colo. :</subfield>
   <subfield code="b">Lynne Rienner Publishers,</subfield>
   <subfield code="c">2012.</subfield>
  </datafield>
  <datafield tag="300" ind1=" " ind2=" ">
   <subfield code="a">1 online resource (255 pages) :</subfield>
   <subfield code="b">illustrations.</subfield>
  </datafield>
  <datafield tag="500" ind1=" " ind2=" ">
   <subfield code="a">&lt;strong&gt;Off-Campus Access:&lt;/strong&gt; Athens ID and Password Required</subfield>
  </datafield>
  <datafield tag="500" ind1=" " ind2=" ">
   <subfield code="a">&lt;strong&gt;On-Campus Access:&lt;/strong&gt; No User ID or Password Required</subfield>
  </datafield>
  <datafield tag="500" ind1=" " ind2=" ">
   <subfield code="a">Access type: Perpetual access for unlimited users</subfield>
  </datafield>
  <datafield tag="504" ind1=" " ind2=" ">
   <subfield code="a">Includes bibliographical references and index.</subfield>
  </datafield>
  <datafield tag="505" ind1="0" ind2=" ">
   <subfield code="a">Women and disasters -- Representations of women in disasters -- How gender changes disaster studies -- Measuring vulnerability and capacity -- Health and well-being -- Violence against women -- Intimacy and family life -- Houses and homes -- Work and workplaces -- Grassroots groups and recovery -- Building disaster resilience -- Fighting for the future.</subfield>
  </datafield>
  <datafield tag="526" ind1=" " ind2=" ">
   <subfield code="a">ARC</subfield>
   <subfield code="x">Dr. Imon Chowdhooree
Assistant Professor</subfield>
  </datafield>
  <datafield tag="538" ind1=" " ind2=" ">
   <subfield code="a">Mode of access: Internet</subfield>
  </datafield>
  <datafield tag="541" ind1=" " ind2=" ">
   <subfield code="a">ProQuest</subfield>
   <subfield code="h">USD 139.90</subfield>
  </datafield>
  <datafield tag="650" ind1=" " ind2="0">
   <subfield code="a">Disasters</subfield>
   <subfield code="x">Social aspects.</subfield>
   <subfield code="9">43877</subfield>
  </datafield>
  <datafield tag="650" ind1=" " ind2="0">
   <subfield code="a">Disaster relief</subfield>
   <subfield code="x">Social aspects.</subfield>
   <subfield code="9">43878</subfield>
  </datafield>
  <datafield tag="650" ind1=" " ind2="0">
   <subfield code="a">Women</subfield>
   <subfield code="x">Social conditions.</subfield>
   <subfield code="9">43879</subfield>
  </datafield>
  <datafield tag="650" ind1=" " ind2="0">
   <subfield code="a">Women</subfield>
   <subfield code="x">Psychology.</subfield>
   <subfield code="9">43880</subfield>
  </datafield>
  <datafield tag="655" ind1=" " ind2=" ">
   <subfield code="a">Electronic books.</subfield>
  </datafield>
  <datafield tag="710" ind1=" " ind2=" ">
   <subfield code="a">ProQuest (Firm).</subfield>
   <subfield code="9">43924</subfield>
  </datafield>
  <datafield tag="852" ind1=" " ind2=" ">
   <subfield code="a">Ayesha Abed Library</subfield>
  </datafield>
  <datafield tag="856" ind1=" " ind2=" ">
   <subfield code="z">Full text available on ProQuest</subfield>
   <subfield code="u">https://ebookcentral.proquest.com/lib/bracu/detail.action?docID=3328966</subfield>
  </datafield>
  <datafield tag="942" ind1=" " ind2=" ">
   <subfield code="2">ddc</subfield>
   <subfield code="c">EBK</subfield>
  </datafield>
  <datafield tag="999" ind1=" " ind2=" ">
   <subfield code="c">43387</subfield>
   <subfield code="d">43387</subfield>
  </datafield>
  <datafield tag="952" ind1=" " ind2=" ">
   <subfield code="0">0</subfield>
   <subfield code="1">0</subfield>
   <subfield code="2">ddc</subfield>
   <subfield code="4">0</subfield>
   <subfield code="6">363_340820000000000_ENA</subfield>
   <subfield code="7">0</subfield>
   <subfield code="9">69644</subfield>
   <subfield code="a">BRACUL</subfield>
   <subfield code="b">BRACUL</subfield>
   <subfield code="d">2022-01-02</subfield>
   <subfield code="e">ProQuest</subfield>
   <subfield code="g">11.00</subfield>
   <subfield code="l">0</subfield>
   <subfield code="o">363.34082 ENA</subfield>
   <subfield code="r">2022-01-02</subfield>
   <subfield code="t">1</subfield>
   <subfield code="w">2022-01-02</subfield>
   <subfield code="y">EBK</subfield>
   <subfield code="x">As discussed with Acquisition team, according to invoice date (23.12.2021) of the E-book, converted USD 139.90 to BDT11,990.54.</subfield>
  </datafield>
 </record>
</collection>
